000
00286nam a2200133Ia 4500
008
190216s9999||||xx |||||||||||||| ||und||
100
_a
Handa. M
245
0
_a
Physics For Gate
250
_a
1st Ed.
260
_b
Satya Prakasan
300
_a
416
650
_a
Physics
942
_c
REF
999
_c
36204
_d
36204